| 000 | 00367nam a22001457a 4500 | ||
|---|---|---|---|
| 003 | BD-DhUL | ||
| 005 | 20170321185352.0 | ||
| 008 | 170321b xxu||||| |||| 00| 0 eng d | ||
| 040 |
_cBD-DhUL _dBD-DhUL |
||
| 082 |
_a351.2 _bEAE |
||
| 245 | _aThe east Bengal Civil List / | ||
| 260 |
_aPunjab: _brailway, _c1950. |
||
| 300 |
_a335p.: _billl.. _c23cm. |
||
| 942 |
_2ddc _cBK |
||
| 999 |
_c166741 _d166741 |
||